Análisis del discurso estatal en torno al tema droga y de los sujetos construidos a partir del mismo/
Furkejuvvon:
| Váldodahkki: | |
|---|---|
| Eará dahkkit: | |
| Materiálatiipa: | Girji |
| Giella: | Spanish |
| Fáddágilkorat: |
Lasit fáddágilkoriid
Eai fáddágilkorat, Lasit vuosttaš fáddágilkora!
|
MARC
| LEADER | 00000nam a22000007a 4500 | ||
|---|---|---|---|
| 003 | cru CIDCACS/IIS | ||
| 005 | 20190206145724.0 | ||
| 007 | ta | ||
| 008 | 190206t2005 cl |||||r|||||||| 0 spa | | ||
| 999 | |c 42157 |d 42157 | ||
| 040 | |c cru CIDCACS/IIS | ||
| 100 | 1 | |9 8309 |a Schmal, Francisca Nicole | |
| 245 | 1 | |a Análisis del discurso estatal en torno al tema droga y de los sujetos construidos a partir del mismo/ |c Francisca Nicole Schmal, Marcela González | |
| 300 | |a páginas 208-218 | ||
| 700 | 1 | |9 8310 |a González, Marcela | |
| 773 | 0 | |0 42151 |9 2640 |a Harvey, Anamaría |d Chile: Ediciones Universidad Católica de Chile, 2005 |o 04011 |t En Torno al discurso: |z 9561408058 | |
| 942 | |2 ddc |c LI | ||



